000 004290000a22001690004500
003 LK-CoMWRAF
008 230817t ||||| |||| 00| 0 eng d
040 _aLK-CoMWRAF
_dLK-CoMWRAF
_eLK-CoMWRAF
041 _aeng
082 _a180
_bBAS
100 _aBasheer, S.Mohamed
245 _aPennkalekku Sila Pon Molikal
_b
260 _aMadras
_bSalaamath Pathipakam
_c1995
300 _ap.120
650 _awomen & Islam
942 _cBK
999 _c2907
_d2907